000 00802nas a2200265 4500
001 BR0901090
003 BR-BrBNA
005 20231205113140.0
007 ta
008 230509b bl.|||p| |||| 00| 00por d
040 _aBR-BrBNA
_bpor
_cBiblioteca Nacional de Agricultura
041 _a(Pt)
072 _aM12
100 1 _aSampaio, L.A.
100 1 _aPissetti, T.L.
100 1 _aMorena, M.
245 1 _aToxicidade aguda do nitrito em larvas do peixe-rei marinho Odontesthes argentinensis (Teleostei, Atherinopsidae)
650 _aPEIXE REI
650 _aPISCICULTURA
650 _aNITRITO
650 _aLARVA
773 0 _tCiência Rural (Brazil)
_xISSN 0103-8478
_g(May-Jun 2006), v. 36(3) p. 1008-1010
_wBR0901090
909 _a202311
_bLúcia
_c55
_dLúcia Elande
942 _2AGRIS
_n0
_cANA
999 _c202121
_d202121